00266nam a2200121Ia 4500008004100000100002000041245002500061260001400086300000800100650001200108942000700120999001700127190216s9999||||xx |||||||||||||| ||und|| aRoger G. Newton 4aThe Truth Of Science bViva Book a260 aPhysics cBK c34232d34232